000 00399nam a2200145Ia 4500
008 230917s9999||||xx |||||||||||||| ||und||
040 _e64434
_aMAIN
041 _aEnglish
082 _a380.5 O2S
100 _aOwen, Wilfred
245 0 _aStrategy for mobility: Transportation for the developing countries
260 _aHonolulu
_bEast-West Center Press
_c1964
300 _ax, 249 p.
942 _cBK
999 _c65071
_d65071